Great spy stories from fiction

Salvato in:
Dettagli Bibliografici
Autore principale: Dulles, Allen Welsh
Natura: Libro
Lingua:Undetermined
Pubblicazione: New York Harper & Row 1969
Soggetti:
Tags: Aggiungi Tag
Nessun Tag, puoi essere il primo ad aggiungerne! !
Thư viện lưu trữ: Trung tâm Học liệu Trường Đại học Cần Thơ
LEADER 00523nam a2200193Ia 4500
001 CTU_77599
008 210402s9999 xx 000 0 und d
082 |a 808.83872 
082 |b D883 
100 |a Dulles, Allen Welsh 
245 0 |a Great spy stories from fiction 
245 0 |c Allen Welsh Dulles 
260 |a New York 
260 |b Harper & Row 
260 |c 1969 
650 |a Intelligence officers,Spy stories 
650 |x Fiction 
904 |i Bằng 
980 |a Trung tâm Học liệu Trường Đại học Cần Thơ